4 Letter Countries in the World Quiz - Statistics

General Stats
  • This quiz has been taken 33 times
  • The average score is 10 of 11
Answer Stats
Hint Answer % Correct
Oceania Fiji
100%
North Africa Togo
100%
North Africa Chad
97%
Middle East Asia Iran
97%
North Africa Mali
97%
South America Peru
97%
Middle East Asia Iraq
94%
South East Asia Laos
94%
Middle East Asia Oman
94%
Carribean Cuba
91%
Oceania Niue
50%
No matching quizzes found
Score Distribution
Percent of People with Each Score
Percentile by Number Answered
Your Score History
You have not taken this quiz